<?xml version="1.0" encoding="UTF-8"?>
<collection xmlns:xsi="http://www.w3.org/2001/XMLSchema-instance" xsi:schemaLocation="http://www.loc.gov/MARC21/slim http://www.loc.gov/standards/marcxml/schema/MARC21slim.xsd" xmlns="http://www.loc.gov/MARC21/slim">
 <record>
  <leader>00000cam a22000003i 4500</leader>
  <controlfield tag="001">UP-1685594773861498395</controlfield>
  <controlfield tag="003">Buklod</controlfield>
  <controlfield tag="005">20080119221309.0</controlfield>
  <controlfield tag="006">j|||||||||||||| | </controlfield>
  <controlfield tag="007">ta</controlfield>
  <controlfield tag="008">151105s1998    ilua    rb   |||1 u|eng d</controlfield>
  <datafield tag="020" ind1=" " ind2=" ">
   <subfield code="a">0880116536</subfield>
  </datafield>
  <datafield tag="035" ind1=" " ind2=" ">
   <subfield code="a">(iLib)UPBAG-00001523167</subfield>
  </datafield>
  <datafield tag="037" ind1=" " ind2=" ">
   <subfield code="a">BC-35886</subfield>
   <subfield code="c">Php864.45</subfield>
  </datafield>
  <datafield tag="040" ind1=" " ind2=" ">
   <subfield code="a">DLC</subfield>
   <subfield code="d">BAG</subfield>
   <subfield code="e">rda</subfield>
  </datafield>
  <datafield tag="041" ind1="0" ind2=" ">
   <subfield code="a">eng</subfield>
  </datafield>
  <datafield tag="090" ind1=" " ind2="0">
   <subfield code="a">GV 706.4</subfield>
   <subfield code="b">G65</subfield>
  </datafield>
  <datafield tag="100" ind1="1" ind2=" ">
   <subfield code="a">Goldberg, Alan S.</subfield>
   <subfield code="d">1949-</subfield>
   <subfield code="e">author.</subfield>
  </datafield>
  <datafield tag="245" ind1="1" ind2="0">
   <subfield code="a">Sports slump busting</subfield>
   <subfield code="c">Alan S. Goldberg.</subfield>
  </datafield>
  <datafield tag="246" ind1="1" ind2=" ">
   <subfield code="a">Subtitle from cover : 10 steps to mental toughness and peak performance.</subfield>
  </datafield>
  <datafield tag="264" ind1=" " ind2="1">
   <subfield code="a">Champaign, Ill.</subfield>
   <subfield code="b">Human Kinetics Publishers Inc.</subfield>
   <subfield code="c">©1998.</subfield>
  </datafield>
  <datafield tag="300" ind1=" " ind2=" ">
   <subfield code="a">viii, 277 pages</subfield>
   <subfield code="b">illustrations</subfield>
   <subfield code="c">23 cm</subfield>
  </datafield>
  <datafield tag="504" ind1=" " ind2=" ">
   <subfield code="a">Includes bibliographical references (pages 269-270) and index.</subfield>
  </datafield>
  <datafield tag="650" ind1=" " ind2="0">
   <subfield code="a">Sports</subfield>
   <subfield code="x">Psychological aspects.</subfield>
  </datafield>
  <datafield tag="650" ind1=" " ind2="0">
   <subfield code="a">Athletes</subfield>
   <subfield code="x">Psychology.</subfield>
  </datafield>
  <datafield tag="905" ind1=" " ind2=" ">
   <subfield code="a">FO</subfield>
  </datafield>
  <datafield tag="852" ind1="0" ind2=" ">
   <subfield code="a">UPBAG</subfield>
   <subfield code="b">UPBAG-MAIN</subfield>
   <subfield code="h">GV 706.4 G65</subfield>
  </datafield>
  <datafield tag="942" ind1=" " ind2=" ">
   <subfield code="a">Book</subfield>
  </datafield>
 </record>
</collection>
